Động từ thành ngữ Anh - Việt
Sách cung cấp nghĩa của thành ngữ nếu dịch từng từ không giúp ta hiểu được ý nghĩa đúng nhằm giúp cho bạn đọc trong việc học tiếng Anh.
Wedi'i Gadw mewn:
| Prif Awdur: | |
|---|---|
| Fformat: | Llyfr |
| Iaith: | Undetermined |
| Cyhoeddwyd: |
Thành phố Hồ Chí Minh
Nhà xuất bản Thành phố Hồ Chí Minh
2000
|
| Pynciau: | |
| Tagiau: |
Ychwanegu Tag
Dim Tagiau, Byddwch y cyntaf i dagio'r cofnod hwn!
|
| Thư viện lưu trữ: | Trung tâm Học liệu Trường Đại học Cần Thơ |
|---|
| LEADER | 00871nam a2200217Ia 4500 | ||
|---|---|---|---|
| 001 | CTU_41726 | ||
| 008 | 210402s9999 xx 000 0 und d | ||
| 020 | |b 23.000đ | ||
| 082 | |a 428.24 | ||
| 082 | |b Ph513 | ||
| 100 | |a Bùi, Phụng | ||
| 245 | 0 | |a Động từ thành ngữ Anh - Việt | |
| 245 | 0 | |c Bùi Phụng | |
| 260 | |a Thành phố Hồ Chí Minh | ||
| 260 | |b Nhà xuất bản Thành phố Hồ Chí Minh | ||
| 260 | |c 2000 | ||
| 520 | |a Sách cung cấp nghĩa của thành ngữ nếu dịch từng từ không giúp ta hiểu được ý nghĩa đúng nhằm giúp cho bạn đọc trong việc học tiếng Anh. | ||
| 650 | |a English language,English language | ||
| 650 | |x Idioms,Textbooks for foreign speakers | ||
| 904 | |i Minh | ||
| 980 | |a Trung tâm Học liệu Trường Đại học Cần Thơ | ||